| 000 | 00534nam a2200181Ia 4500 | ||
|---|---|---|---|
| 999 |
_c7979 _d7979 |
||
| 003 | OSt | ||
| 005 | 20210611105243.0 | ||
| 008 | 151021s9999 xx 000 0 und d | ||
| 020 | _a1429247584 | ||
| 040 |
_aMMU _beng _cMMU _dMMU |
||
| 050 | _aQD 251.2 .J46 2010 | ||
| 245 |
_aWorkbook for Organic Chemistry _bSupplemental Problems and Solutions / _cJerry Jenkins. |
||
| 260 |
_aNew York : _bW. H. Freeman , _c2010 . |
||
| 300 |
_aix, 436 p. : _bill.; |
||
| 500 | _aIncludes index | ||
| 650 | _aChemistry | ||
| 942 |
_2lcc _cLOAN LOAN |
||